000
00218nam a22000977a 4500
999
_c
15850
_d
15850
003
OSt
008
191022b ||||| |||| 00| 0 eng d
100
_a
Sreekandan, Nair C N.
_9
4347
245
_a
Eatillya Pashu
942
_c
BK